Normal view
MARC view
- Molecular biology-Data processing
Entry Topical Term
001 - CONTROL NUMBER
- control field: 91829
003 - CONTROL NUMBER IDENTIFIER
- control field: NUST
005 - DATE AND TIME OF LATEST TRANSACTION
- control field: 20220524165439.0
008 - FIXED-LENGTH DATA ELEMENTS
- fixed length control field: 220524|| aca||aabn | a|a d
040 ## - CATALOGING SOURCE
- Original cataloging agency: NUST
- Transcribing agency: NUST
150 ## - HEADING--TOPICAL TERM
- Topical term or geographic name entry element: Molecular biology-Data processing
670 ## - SOURCE DATA FOUND
- Source citation: Work cat.: (NUST): Attwood, Teresa K 91827, Introduction to Bioinformatics, 2014.
